| 000 | 00632nam a2200229 a 4500 | ||
|---|---|---|---|
| 001 | 13734 | ||
| 003 | BD-JhCC | ||
| 005 | 20240320094606.0 | ||
| 008 | 240319b2022 bg |||| ||a| 001 0 eng d | ||
| 020 | _a9789849641810 | ||
| 035 | _a(BD-JhCC)13734 | ||
| 040 |
_aBD-JhCC _dBD-JhCC |
||
| 041 | _aEnglish | ||
| 082 |
_a921 _bMAJ 2022 |
||
| 100 | _aMajumdar,Ramendu | ||
| 245 |
_aMy Early Years : _bLife in East Pakistan / _cRamendu Majumdar,Tran: Anshuman Bhowmick. |
||
| 260 |
_aDhaka: _bKathaprokash; _c 2022. |
||
| 300 |
_a152 p. : _c24 cm. _bill; |
||
| 650 | _aAutobiography | ||
| 700 | _aBhowmick,Anshuman | ||
| 942 |
_2ddc _cBK |
||
| 999 |
_c13734 _d13734 |
||